Statistiques concernant Pokémon de type Combat uniquement

Cliquez ici pour prendre le quiz!

Statistiques générales

  • Ce quiz a été pris 24 fois
  • Le résultat moyen est 23 sur 30

Statistiques - réponses

HintRéponse% Correct
n° 066Machoc
100%
n° 067Machopeur
96%
n° 057Colossinge
91%
n° 068Mackogneur
91%
n° 056Férosinge
87%
n° 106Kicklee
87%
n° 107Tygnon
87%
n° 236Débugant
83%
n° 237Kapoera
83%
n° 447Riolu
83%
n° 534Bétochef
78%
n° 532Charpenti
78%
n° 297Hariyama
78%
n° 538Judokrak
78%
n°539Karaclée
78%
n° 533Ouvrifier
78%
n°296Makuhita
74%
n° 619Kungfouine
70%
n°620Shaofouine
70%
n° 739Crabagarre
65%
n° 853Krakos
65%
n° 674Pandespiègle
65%
n° 852Poulpaf
65%
Forme de PaldeaTauros
65%
n° 891Wushours
65%
Forme de GalarCanarticho
61%
n° 865Palarticho
61%
n°889Zamazenta
61%
n° 870Hexadron
57%
n°766Quartermac
57%

Distribution des résultats

Percentile par nombre de réponses

% des personnes avec chaque résultat

Votre développement - résultats

Vous n’avez pas pris ce quiz